000 00671nam a2200193Ia 4500
003 GCL
008 140319s9999 xx 000 0 ara d
040 _aGCL /
_cGCL
082 0 4 _a953.085697
_bم ن
100 1 _aمحمود على خليل عطا الله
245 1 0 _aنيابة غزة فى العهد المملوكى /
_cمحمود على خليل عطا الله
250 _aالاولى
260 _aبيروت :
_bمنشورات دار الافاق الجديدة ،
_c1986
300 _a422ص ؛
_c24سم
650 0 4 _aالاستشراق والمستشرقون
650 0 4 _aسوريا - تاريخ
650 0 4 _aغزة - تاريخ
942 _2ddc
_cBK
999 _c47150
_d47150